00471nam a22001337a 4500003000400000082001600004245010100020260004800121300001500169546001200184942001200196999001900208952011000227OSt a630bGOI/RE aReport of the National commission on agriculture1976:bpart xi research, education and extension aNew DelhibController of publicationsc1976 aviii,270p. aEnglish 2ddccBK c160778d160778 00102ddc40708GenaKAUCLVbKAUCLVcGENERALd2018-06-05l0o630 GOI/REp809478r2018-06-05 00:00:00yBK